|
|
|
|
| LEADER |
00000nam1a2200000 4500 |
| 001 |
170035 |
| 005 |
20231101222849.0 |
| 020 |
|
|
|a RU
|b 83-89613
|
| 035 |
|
|
|a (RuTPU)RU\TPU\book\184405
|
| 090 |
|
|
|a 170035
|
| 100 |
|
|
|a 20091119d1983 u a0rusy5003 ca
|
| 101 |
0 |
|
|a rus
|
| 200 |
1 |
|
|a По следам первопечатника
|f Е. Л. Немировский
|
| 210 |
|
|
|a Москва
|c Современник
|d 1983
|
| 215 |
|
|
|a 215 с.
|c ил.
|d 21 см
|
| 300 |
|
|
|a Памяти первопечатника Ивана Федорова в год 400-летия со дня его смерти
|
| 600 |
|
1 |
|a Федоров
|b И.
|c основатель книгопечатания в России и на Украине
|c пушечный мастер
|f около 1510-1583
|g Иван
|2 stltpush
|3 (RuTPU)RU\TPU\pers\12888
|9 3691
|
| 610 |
0 |
|
|a книгопечатание
|
| 610 |
0 |
|
|a история
|
| 610 |
0 |
|
|a история книги
|
| 610 |
0 |
|
|a Россия
|
| 610 |
0 |
|
|a 16 век
|
| 610 |
0 |
|
|a первопечатные книги
|
| 675 |
|
|
|a 655
|z rus
|
| 686 |
|
|
|a Ч611
|2 rubbk
|
| 700 |
|
1 |
|a Немировский
|b Е. Л.
|c российский книговед
|c доктор исторических наук
|f 1925-
|g Евгений Львович
|2 stltpush
|3 (RuTPU)RU\TPU\pers\14494
|9 4823
|
| 801 |
|
0 |
|a RU
|b RuMRKP
|c 19950704
|g psbo
|
| 801 |
|
1 |
|a RU
|b 63413507
|c 20091119
|
| 801 |
|
2 |
|a RU
|b 63413507
|c 20091119
|g RCR
|
| 942 |
|
|
|c BK
|